[Event "African Online op"]
[Site "Tornelo INT"]
[Date "2021.02.03"]
[Round "4"]
[White "Avelino, Fernandes"]
[Black "Ebersohn, Raymond Gerhard"]
[Result "1-0"]
[WhiteElo "1887"]
[BlackElo "1726"]
[PlyCount "111"]
[EventDate "2021.02.01"]
[EventType "swiss (rapid)"]
[EventRounds "9"]
[EventCountry "NET"]
[SourceTitle "CBM 200 Extra"]
[Source "ChessBase"]
[SourceDate "2021.03.31"]
[SourceVersion "1"]
[SourceVersionDate "2021.03.31"]
[SourceQuality "1"]

1. d4 Nf6 2. Bf4 d5 3. e3 c5 4. c3 Nc6 5. Bg3 Qb6 6. Qb3 e6 7. Nd2 Bd7 8. Ngf3 Rc8 9. Be2 Be7 10. h3 0-0 11. 0-0 Na5 12. Qxb6 axb6 13. Ne5 Nc6 14. f4 Rfd8 15. Bh2 g6 16. Bd3 Be8 17. g4 Nd7 18. Rf3 f6 19. Nxc6 bxc6 20. f5 e5 21. Ba6 Rc7 22. dxe5 fxe5 23. e4 Ra7 24. Bf1 Bg5 25. Rf2 Be3 26. Kg2 Bxf2 27. Kxf2 Bf7 28. a3 Re8 29. Rd1 gxf5 30. exf5 e4 31. Ke3 c4 32. Be2 Nc5 33. g5 Nd3 34. Rb1 c5 35. Bg4 Rd7 36. f6 Be6 37. Bh5 d4+ 38. Ke2 Bf7 39. Bxf7+ Kxf7 40. Nxc4 Re6 41. a4 Ra7 42. b3 b5 43. Nd6+ Rxd6 44. Bxd6 bxa4 45. cxd4 cxd4 46. bxa4 Rd7 47. Rb6 Kg6 48. h4 Kh5 49. a5 Kg4 50. a6 Nf4+ 51. Bxf4 Kxf4 52. f7 d3+ 53. Kd1 Rd8 54. Rf6+ Ke3 55. f8Q Rd5 56. Qb4 1-0

[Event "African Online op"]
[Site "Tornelo INT"]
[Date "2021.02.03"]
[Round "5"]
[White "Bongo Akanga Ndjila, Barthelemy"]
[Black "Avelino, Fernandes"]
[Result "1/2-1/2"]
[WhiteElo "1803"]
[BlackElo "1887"]
[PlyCount "90"]
[EventDate "2021.02.01"]
[EventType "swiss (rapid)"]
[EventRounds "9"]
[EventCountry "NET"]
[SourceTitle "CBM 200 Extra"]
[Source "ChessBase"]
[SourceDate "2021.03.31"]
[SourceVersion "1"]
[SourceVersionDate "2021.03.31"]
[SourceQuality "1"]

1. d4 e6 2. c4 f5 3. g3 Nf6 4. Bg2 d5 5. Nc3 c6 6. Nh3 Be7 7. b3 0-0 8. 0-0 Ne4 9. Nxe4 fxe4 10. e3 Nd7 11. Nf4 Nf6 12. Nh5 Bd7 13. Bb2 Qe8 14. Nxf6+ Rxf6 15. f3 exf3 16. Bxf3 Qg6 17. Qe2 Raf8 18. e4 dxe4 19. Bxe4 Rxf1+ 20. Rxf1 Rxf1+ 21. Kxf1 Qf7+ 22. Kg2 Bf6 23. Qd3 g6 24. Bc1 Qe7 25. h4 Be8 26. Be3 Bf7 27. d5 exd5 28. cxd5 cxd5 29. Bxd5 a6 30. Bxf7+ Kxf7 31. Bh6 Ke8 32. Qc4 Kd7 33. Qd5+ Kc8 34. Qg8+ Kd7 35. Kf3 Be5 36. Bg5 Bf6 37. Qd5+ Kc8 38. Qg8+ Kd7 39. Qb8 Kc6 40. Qc8+ Kd5 41. Qc4+ Kd6 42. Qb4+ Ke6 43. Qc4+ Kd7 44. Qd5+ Ke8 45. Qg8+ Kd7 1/2-1/2

[Event "Johannesburg Redpath op"]
[Site "Johannesburg"]
[Date "2016.07.15"]
[Round "5"]
[White "Avelino, Fernandes"]
[Black "Basson, Petrus"]
[Result "0-1"]
[WhiteElo "2013"]
[BlackElo "1679"]
[PlyCount "92"]
[EventDate "2016.07.13"]
[EventType "swiss"]
[EventRounds "9"]
[EventCountry "RSA"]
[SourceTitle "CBM 173 Extra"]
[Source "ChessBase"]
[SourceDate "2016.08.29"]
[SourceVersion "1"]
[SourceVersionDate "2016.08.29"]
[SourceQuality "1"]

1. e4 c5 2. Nc3 Nc6 3. f4 g6 4. Nf3 Bg7 5. Bc4 e6 6. d3 a6 7. a3 Nge7 8. 0-0 b5 9. Ba2 0-0 10. Kh1 Bb7 11. Rb1 d6 12. Ne2 b4 13. c3 a5 14. Bb3 Ba6 15. c4 bxa3 16. bxa3 Rb8 17. Bb2 Bxb2 18. Rxb2 a4 19. Nc3 Rxb3 20. Rxb3 axb3 21. Qxb3 Nd4 22. Nxd4 cxd4 23. Nb5 Qb6 24. Qb4 Rd8 25. Rb1 Nc6 26. Qe1 Na7 27. a4 Rb8 28. h4 Qc5 29. Qa5 Rb6 30. Kh2 Nc6 31. Qe1 d5 32. cxd5 Bxb5 33. axb5 Nd8 34. Qa5 exd5 35. Qa8 Qd6 36. e5 Qd7 37. Rc1 Kg7 38. Rc8 Qg4 39. g3 Qe2+ 40. Kh3 Qf1+ 41. Kh2 Rxb5 42. Qa2 Rb1 43. Qg2 Qxd3 44. Rxd8 Rc1 45. Kh3 Rc2 46. Qxd5 Qf5+ 0-1

[Event "Johannesburg Redpath op"]
[Site "Johannesburg"]
[Date "2016.07.15"]
[Round "4"]
[White "Wilken, Justin Barend"]
[Black "Avelino, Fernandes"]
[Result "1-0"]
[WhiteElo "1854"]
[BlackElo "2013"]
[PlyCount "63"]
[EventDate "2016.07.13"]
[EventType "swiss"]
[EventRounds "9"]
[EventCountry "RSA"]
[SourceTitle "CBM 173 Extra"]
[Source "ChessBase"]
[SourceDate "2016.08.29"]
[SourceVersion "1"]
[SourceVersionDate "2016.08.29"]
[SourceQuality "1"]

1. e4 d6 2. d4 Nf6 3. Nc3 g6 4. Nf3 Bg7 5. h3 c6 6. Be3 Nbd7 7. e5 dxe5 8. dxe5 Ng8 9. e6 fxe6 10. Bc4 Ne5 11. Qxd8+ Kxd8 12. 0-0-0+ Ke8 13. Nxe5 Bxe5 14. Ne4 h6 15. f4 Bg7 16. Nc5 e5 17. Nd3 exf4 18. Nxf4 Bf5 19. g4 Be4 20. Ne6 Be5 21. Rhf1 Nf6 22. Bd4 Bg3 23. Rg1 Bh2 24. Bxf6 exf6 25. Rge1 f5 26. gxf5 gxf5 27. Ng7+ Kf8 28. Rd7 b5 29. Be6 c5 30. Rf7+ Kg8 31. Nh5 Be5 32. Rg1+ 1-0

[Event "Johannesburg Redpath op"]
[Site "Johannesburg"]
[Date "2016.07.14"]
[Round "2"]
[White "Jacobs, Cavan"]
[Black "Avelino, Fernandes"]
[Result "0-1"]
[WhiteElo "1697"]
[BlackElo "2013"]
[PlyCount "66"]
[EventDate "2016.07.13"]
[EventType "swiss"]
[EventRounds "9"]
[EventCountry "RSA"]
[SourceTitle "CBM 173 Extra"]
[Source "ChessBase"]
[SourceDate "2016.08.29"]
[SourceVersion "1"]
[SourceVersionDate "2016.08.29"]
[SourceQuality "1"]

1. e4 d6 2. d4 Nf6 3. Nc3 Nbd7 4. Nf3 e6 5. Be2 Be7 6. h3 a6 7. a4 c5 8. 0-0 Qc7 9. d5 e5 10. Nd2 0-0 11. a5 Re8 12. Nc4 b5 13. axb6 Nxb6 14. Ne3 g6 15. g4 Kh8 16. Bd3 h5 17. g5 Nh7 18. h4 f6 19. Qf3 fxg5 20. Qf7 Rg8 21. Ng2 Bg4 22. Rxa6 Raf8 23. Nb5 Qd8 24. Qxe7 Qxe7 25. Rxb6 gxh4 26. f3 Bxf3 27. Bh6 h3 28. Bxf8 Rxf8 29. Rxf3 Rxf3 30. Rb8+ Nf8 31. Ne1 Qg5+ 32. Kh1 Rf2 33. Nxd6 Qg3 0-1